| 000 | 00703nam a2200217 a 4500 | ||
|---|---|---|---|
| 003 | BD-JhCC | ||
| 005 | 20240518134901.0 | ||
| 008 | 171108r2013 bg |||| ||a| 000 0aben d | ||
| 020 | _a9843000007218 | ||
| 035 | _a(BD-JhCC) | ||
| 040 |
_aBD-JhCC _dBD-JhCC |
||
| 041 | _aben | ||
| 082 |
_a891.443 _bGAN 2013 |
||
| 100 | _aগঙ্গোপাধ্যায়, সুনীল | ||
| 245 |
_aকিশোরসমগ্র-২ / _c সুনীল গঙ্গোপাধ্যায় |
||
| 260 |
_aঢাকা : _bবাংলা প্রকাশ; _c২০১৩ |
||
| 300 |
_a৩৩৪ পৃ. : _c২৩ সেমি. |
||
| 650 | _aBengali novel | ||
| 942 |
_2ddc _cBK |
||
| 999 |
_c13953 _d13953 |
||